00953nam a2200253 i 450000500170000000800410001702000150005804000350007304100080010808200190011610000440013524501230017925000220030226400560032430000570038033600270043733700330046433800280049765000190052565000340054465000330057865000550061170000330066620220317000653.0160601s1999 ck a gs 000 0 spa d a9589177115 aCO-BoRNBPbspacCO-BoRNBPerda0 aspa04a372.427 bR61m1 aRobledo, Beatriz Helena,d1958-eautora14aLos maestros y la biblioteca públicabpromoción de la lecturacBeatriz Helena Robledo, Antonio Orlando Rodríguez aPrimera edición 1aSantafé de Bogotá bMinisterio de Culturac1999 a20 páginasbilustraciones en blanco y negroc24 cm atextobtxt2rdacontent asin mediaciónbn2rdamedia avolumenbnc2rdacarrier14aLectura 2LEMB14aBibliotecas públicas 2LEMB14aBibliotecas y escuela 2LEMB14aPromoción de la lectura en las bibliotecas2LEMB1 aRodríguez, Antonio Orlando